Enzýmová modifikácia triacylglycerolov : Obh. 3.6.1991 /

Saved in:
Bibliographic Details
Main Author: Bošanský, Ľuboš (Author)
Format: Manuscript Book
Language:Slovak
Published: Bratislava : SVŠT v Bratislave ChtF, 1991
Tags: Add Tag
No Tags, Be the first to tag this record!

MARC

LEADER 00000ntm a22000003a 4500
001 stu17698
005 20150617225755.5
008 910624s1991----cs------------------slo-d
040 |a STU  |b slo 
041 0 |a slo 
044 |a cs 
100 1 |a Bošanský, Ľuboš  |4 aut 
245 1 |a Enzýmová modifikácia triacylglycerolov :  |b Obh. 3.6.1991 /  |c [aut.]Bošanský,Ľuboš 
260 |a Bratislava :  |b SVŠT v Bratislave ChtF,  |c 1991 
300 |a 74 s :  |b Obr.,tab.,grafy,lit 
500 |a Špec.:Technológia mlieka a tukov 
996 |b CD10800  |c C*D10800  |l CCI  |s A  |a 24  |w stu17698_0001